Statistics for Most Famous People by First Name #7

Click here to take the quiz!

General Stats

  • This quiz has been taken 65 times
    (29 since last reset)
  • The average score is 8 of 60

Answer Stats

Answer% Correct
Columbus
78%
Johnson
65%
Reynolds
52%
Gosling
43%
Lee
43%
Maradona
43%
McConaughey
39%
Statham
39%
Yeltsin
35%
the Great
30%
Descartes
26%
García Márquez
26%
Anthony
22%
Magritte
22%
Perry
22%
Bush
17%
Hess
17%
Zeta-Jones
17%
Bon Jovi
13%
Chagall
13%
Cruyff
13%
Momoa
13%
the Apostle
13%
Velázquez
13%
Voight
13%
Bateman
9%
Diesel
9%
Duchess of
Cambridge
9%
Fletcher
9%
Forlán
9%
Giggs
9%
Pompidou
9%
Batistuta
4%
Bizet
4%
Contador
4%
Fujimori
4%
Khamenei
4%
Moravia
4%
Morrison
4%
Pasternak
4%
Plummer
4%
Rodriguez
4%
Simenon
4%
Abdullah Saleh
0%
Bartra
0%
Carpenter
0%
Carvalho
0%
Cassin
0%
Chinchilla
0%
Christoph Eucken
0%
Djourou
0%
Fosse
0%
Gadolin
0%
Glück
0%
ibn Abī Tālib
0%
Joplin
0%
Lippmann
0%
Michel
0%
Pausini
0%
Quaresma
0%

Score Distribution

Percentile by Number Answered

Percent of People with Each Score

Your Score History

You have not taken this quiz since the last reset